[Event "Second Game"]
[Site "http://www.queenalice.com/game.php?id=168616"]
[Date "2007.2.14"]
[Round "-"]
[White "jepstein"]
[Black "KEpstein"]
[Result "1-0"]
[WhiteElo "1100"]
[BlackElo "1393"]

1. e4 e5 2. Bc4 Qh4 3. Qf3 Nf6 4. d3 d6 5. g3 Qh5 6. Nc3 Bg4 7. Qf5 Bxf5 8. exf5
Qxf5 9. Nb5 Qd7 10. Be3 Nd5 11. a4 Nxe3 12. fxe3 d5 13. Bb3 a6 14. Nc3 Bb4 15.
O-O-O c6 16. Nf3 d4 17. exd4 b5 18. Nxe5 Qa7 19. Rhe1 O-O 20. Re4 Qc7 21. Rde1
Qa5 22. Nxf7 Rxf7 23. Rf1 g6 24. Rxf7 Qd8 25. Rd7+ Kf8 26. Rxd8+ Kg7 27. Rg8+
Kf6 28. Rf4+ Kg5 29. Ne4+ Kh6 30. Rh4# 1-0

[Event "Challenge"]
[Site "http://www.queenalice.com/game.php?id=168643"]
[Date "2007.2.14"]
[Round "-"]
[White "jocker_1"]
[Black "jepstein"]
[Result "1-0"]
[WhiteElo "1529"]
[BlackElo "1100"]

1. d4 d5 2. c4 dxc4 3. Nc3 e5 4. Nf3 Nc6 5. e3 Nf6 6. Bxc4 exd4 7. Nxd4 Bb4 8.
O-O O-O 9. a3 Bd6 10. Nxc6 bxc6 11. b4 Be5 12. Qxd8 Rxd8 13. Bb2 a5 14. bxa5
Rxa5 15. Rad1 Bxh2+ 16. Kxh2 Rh5+ 17. Kg1 Rd6 18. Be2 Rg5 19. Rxd6 cxd6 20. Bc1
Bh3 21. Bf3 Bg4 22. e4 Bxf3 23. Bxg5 Bxe4 24. Bxf6 gxf6 25. Nxe4 1-0

[Event "Challenge"]
[Site "http://www.queenalice.com/game.php?id=168644"]
[Date "2007.2.14"]
[Round "-"]
[White "jocker_1"]
[Black "jepstein"]
[Result "0-1"]
[WhiteElo "1531"]
[BlackElo "1100"]

1. d4 e5 2. dxe5 Nc6 3. Bf4 Bc5 4. e3 f6 5. Bc4 fxe5 6. Qh5+ g6 7. Qg5 exf4 8.
Qxd8+ Nxd8 9. exf4 Nf6 10. Nc3 d5 11. Nxd5 Nxd5 12. Bxd5 Be6 13. Bxb7 Nxb7 14.
O-O-O O-O 15. f3 Rxf4 16. g3 Ra4 17. Ne2 Be3+ 18. Kb1 Bxa2+ 19. Ka1 Bc4+ 20. Kb1
Bxe2 21. Rde1 Bxf3 22. Rhf1 Bd2 23. Re7 Rf8 24. Rxc7 Na5 25. Rxa7 Be2 26. Rxf8+
Kxf8 27. b3 Re4 28. Rxh7 Nxb3 29. cxb3 Bd3+ 30. Kb2 Re2 31. Rh8+ Kg7 32. Rc8
Bb4+ 33. Kc1 Re1+ 34. Kb2 Re2+ 35. Kc1 Rxh2 36. Rc7+ Kh6 37. Rb7 Rc2+ 38. Kd1
Rd2+ 39. Kc1 Bc3 40. b4 Rg2 41. Kd1 Rg1# 0-1

[Event "Challenge"]
[Site "http://www.queenalice.com/game.php?id=168942"]
[Date "2007.2.15"]
[Round "-"]
[White "jepstein"]
[Black "perple"]
[Result "0-1"]
[WhiteElo "1100"]
[BlackElo "1857"]

1. e4 c5 2. d4 cxd4 3. Qxd4 d6 4. Bc4 Nc6 5. Bb5 e5 6. Qd3 Nf6 7. Nc3 Be6 8. Bg5
a6 9. Bxc6+ bxc6 10. O-O-O Be7 11. Nf3 Bg4 12. h3 Bxf3 13. Qxf3 O-O 14. Na4 Ne8
15. h4 Bxg5+ 16. hxg5 Qxg5+ 17. Kb1 Rd8 18. Qh3 Nf6 19. Nb6 Qg6 20. f4 exf4 21.
e5 dxe5 22. Nc4 Qg4 23. Qxg4 Nxg4 24. Rd6 Rxd6 25. Nxd6 Rd8 26. Ne4 f5 27. Ng5
h6 28. Ne6 Rd2 29. b4 Rxg2 30. Rd1 f3 31. Rd8+ Kh7 32. Rf8 f2 33. Rxf5 Rg1+ 0-1

[Event "Challenge"]
[Site "http://www.queenalice.com/game.php?id=169625"]
[Date "2007.2.16"]
[Round "-"]
[White "Zagonel"]
[Black "jepstein"]
[Result "0-1"]
[WhiteElo "1000"]
[BlackElo "1239"]

1. Nf3 e5 2. Nxe5 Qf6 3. d4 c5 4. e3 cxd4 5. exd4 Nc6 6. Nf3 d5 7. Be2 Bg4 8.
O-O Bxf3 9. Bxf3 Nxd4 10. Nc3 O-O-O 11. Nxd5 Nxf3+ 12. gxf3 Qg6+ 13. Kh1 Nf6 14.
Rg1 Qf5 15. Ne3 Rxd1 16. Nxf5 Rxg1+ 17. Kxg1 g6 18. Nd4 Bc5 19. Nb5 Rd8 20. Nc3
Nd5 21. Bg5 f6 22. Bd2 Nxc3 23. Bxc3 Bd4 24. Bxd4 Rxd4 25. c3 Rf4 26. Re1 Rxf3
27. Re8+ Kd7 28. Rh8 h5 29. Rh7+ Kc6 30. Rg7 g5 31. c4 Rd3 32. b3 h4 33. Rf7 h3
34. Rxf6+ Rd6 35. Rf8 Rd1# 0-1

[Event "Challenge"]
[Site "http://www.queenalice.com/game.php?id=169797"]
[Date "2007.2.16"]
[Round "-"]
[White "Tvz"]
[Black "jepstein"]
[Result "0-1"]
[WhiteElo "1254"]
[BlackElo "1180"]

1. e4 d5 2. exd5 Qxd5 3. Qe2 Nf6 4. Qe3 e5 5. Nc3 Qc5 6. d4 Qxd4 7. Nf3 Qxe3+ 8.
fxe3 Nc6 9. Be2 e4 10. Nd2 Nb4 11. a3 Nxc2+ 12. Kd1 Nxe3+ 13. Ke1 Nc2+ 14. Kd1
Nxa1 15. Rf1 e3 16. Ndb1 Bc5 17. b4 Bd4 18. Rf4 Bd7 19. Rxd4 Ba4+ 20. Nxa4 Nb3
21. Rd3 Rd8 22. Kc2 Nd4+ 23. Rxd4 Rxd4 24. Bb2 Rf4 25. Bf3 O-O 26. Kd3 Re8 27.
Nac3 Nd7 28. Ne2 Rh4 29. h3 a5 30. bxa5 Nc5+ 31. Kc2 Rc4+ 32. Nbc3 Rd8 33. Bc1
Re8 34. Bd5 Rh4 35. Nb5 c6 36. Bxc6 bxc6 37. Nc7 Rc4+ 38. Nc3 Re7 39. Na8 e2 40.
Nb6 Rxc3+ 41. Kxc3 e1=Q+ 42. Kc2 Re2+ 43. Kb1 Nd3 44. a6 Qxc1# 0-1

[Event "West Coast Challenge"]
[Site "http://www.queenalice.com/game.php?id=170964"]
[Date "2007.2.19"]
[Round "-"]
[White "KEpstein"]
[Black "jepstein"]
[Result "1-0"]
[WhiteElo "1324"]
[BlackElo "1266"]

1. d4 Nf6 2. Nf3 Nc6 3. g3 d5 4. e3 Bf5 5. Bd3 Be4 6. Nbd2 Nb4 7. Bb5+ c6 8. Ba4
Nxc2+ 9. Ke2 Nxa1 10. Qf1 b5 11. Bd1 c5 12. dxc5 Qc8 13. b4 a5 14. Ke1 Qa6 15.
Bb2 axb4 16. Bxa1 Qxa2 17. Qxb5+ Kd8 18. Qb6+ Kc8 19. Qc6+ Kd8 20. Qb6+ Kc8 21.
Be5 Qa7 22. Qc6+ Kd8 23. Ng5 Bg6 24. Bc2 Qb7 25. Qxb7 Rc8 26. Bxg6 Rxc5 27.
Nxf7+ Ke8 28. Nxh8+ 1-0

[Event "Challenge"]
[Site "http://www.queenalice.com/game.php?id=171075"]
[Date "2007.2.19"]
[Round "-"]
[White "jepstein"]
[Black "Metyx"]
[Result "1-0"]
[WhiteElo "1362"]
[BlackElo "1703"]

1. e4 e5 2. b4 a6 3. Qf3 Bxb4 4. Bc4 Nf6 5. Ba3 Bxa3 6. Nxa3 Nc6 7. c3 O-O 8.
Ne2 d6 9. h3 Qe7 10. Nc2 Be6 11. d3 Bxc4 12. dxc4 Na5 13. Ne3 c5 14. Nf5 Qe6 15.
Qg3 Nh5 16. Qg4 g6 17. Neg3 Nxg3 18. Qxg3 Nxc4 19. O-O-O Na3 20. Rxd6 Qxa2 21.
Ne7+ Kh8 22. Nxg6+ fxg6 23. Qxe5+ Kg8 24. Qd5+ Qxd5 25. Rxd5 b6 26. Rhd1 Rxf2
27. R5d2 Rxd2 28. Rxd2 h5 29. Rd6 1-0

[Event "Tropical Challenge"]
[Site "http://www.queenalice.com/game.php?id=172888"]
[Date "2007.2.23"]
[Round "-"]
[White "jepstein"]
[Black "KEpstein"]
[Result "0-1"]
[WhiteElo "1217"]
[BlackElo "1324"]

1. e4 c5 2. c4 d6 3. d4 Nf6 4. Nc3 Bd7 5. dxc5 dxc5 6. e5 Ng4 7. Qf3 Nxe5 8. Qd5
Bc6 9. Qxd8+ Kxd8 10. Bf4 f6 11. O-O-O+ Nbd7 12. f3 a6 13. h4 a5 14. a4 e6 15.
Nb5 Kc8 16. Be2 Be7 17. g4 Nb6 18. b3 Nbd7 19. Rh3 g5 20. hxg5 fxg5 21. Bxe5
Nxe5 22. f4 gxf4 23. Nf3 Nxg4 24. Rh5 Ne3 25. Rg1 Nf5 26. Ne5 Be8 27. Rh2 Ng3
28. Bg4 Ra6 29. Nd3 h5 30. Nxf4 Bg5 31. Kd1 Bxf4 32. Re1 Kb8 33. Bxe6 Bxb5 34.
cxb5 Rd6+ 35. Kc2 Re8 36. Rd1 Rdxe6 37. Rd7 Re1 38. b6 R1e2+ 39. Rxe2 Nxe2 40.
b4 cxb4 41. Rf7 Rc8+ 42. Kd3 Nc1+ 43. Ke4 Bd6 44. Kf5 Rf8 0-1

[Event "Challenge"]
[Site "http://www.queenalice.com/game.php?id=175245"]
[Date "2007.2.28"]
[Round "-"]
[White "Lauermann"]
[Black "jepstein"]
[Result "1-0"]
[WhiteElo "1515"]
[BlackElo "1233"]

1. e3 e5 2. Qh5 Nc6 3. Bc4 d5 4. Bb5 Bd7 5. b3 Nf6 6. Qe2 Nb4 7. Bxd7+ Qxd7 8.
Na3 e4 9. c3 Nd3+ 10. Kd1 Nxc1 11. Rxc1 Bxa3 12. Rb1 O-O-O 13. b4 a5 14. bxa5
Qa4+ 15. Rb3 c6 16. a6 bxa6 17. Nh3 Kd7 18. Ng5 Rb8 19. Ke1 Rxb3 20. axb3 Qxb3
21. Qxa6 Qb1+ 22. Ke2 Qxh1 23. Qa7+ Kd6 24. Nxf7+ Ke6 25. Nxh8 Bb2 26. Qf7+ Kd6
27. Qf8+ Ke6 28. Qc8+ Nd7 29. Qe8+ Kf6 30. Qf7+ Kg5 31. Qxg7+ Kh4 32. Qxh7+ Kg5
33. f4+ exf3+ 34. Kxf3 Qf1+ 35. Kg3 Ne5 36. Qg7+ Kh5 37. Qxe5+ Kh6 38. Qe6+ Kh7
39. Ng6 Kg7 40. Nf4 Qb5 41. Nh5+ Kf8 42. Qf6+ Ke8 43. Ng7+ Kd7 44. Qf7+ Kd6 45.
Ne8+ Kc5 46. Qe7+ Kc4 47. Nd6+ 1-0

[Event "Lunar Eclipse Challenge"]
[Site "http://www.queenalice.com/game.php?id=177610"]
[Date "2007.3.6"]
[Round "-"]
[White "jepstein"]
[Black "KEpstein"]
[Result "1-0"]
[WhiteElo "1221"]
[BlackElo "1342"]

1. e4 d6 2. Nc3 b6 3. g4 Bd7 4. d4 a5 5. a4 Nf6 6. h3 h6 7. Nf3 e6 8. e5 Nd5 9.
Nxd5 exd5 10. c3 dxe5 11. Nxe5 Qe7 12. Qe2 Nc6 13. Bg2 Qe6 14. Bxd5 Qxd5 15.
Nxc6+ Be6 16. O-O Qxc6 17. d5 Qxd5 18. Re1 c6 19. Bf4 h5 20. Rad1 Qb3 21. Qd2
Be7 22. Bd6 Rd8 23. Qf4 Rh6 24. g5 Rg6 25. h4 Qxb2 26. Bxe7 Kxe7 27. Qc7+ Rd7
28. Qxd7+ Kf8 29. Qd8# 1-0

[Event "Challenge"]
[Site "http://www.queenalice.com/game.php?id=179300"]
[Date "2007.3.9"]
[Round "-"]
[White "jepstein"]
[Black "mp3"]
[Result "0-1"]
[WhiteElo "1397"]
[BlackElo "1398"]

1. e4 e5 2. Nc3 f6 3. g4 Nc6 4. Nf3 Nge7 5. d4 exd4 6. Nxd4 Nxd4 7. Qxd4 Nc6 8.
Qd5 b6 9. Bc4 Qe7 10. g5 Bb7 11. gxf6 gxf6 12. Qh5+ Kd8 13. Bf4 Na5 14. Bd5 Bxd5
15. Nxd5 Qxe4+ 16. Be3 Qxh1+ 17. Ke2 Qxa1 18. Qf7 Qxb2 19. Qxf6+ Qxf6 20. Nxf6
Be7 21. Bd4 Nc6 22. Bc3 Bb4 23. Bb2 a5 24. Nd5 Nd4+ 25. Bxd4 Re8+ 26. Kd3 Rf8
27. f4 Rf5 28. Ke4 Rh5 29. h4 Rxh4 30. Bf6+ Kc8 31. Bxh4 Bd2 32. Kd3 Bc1 33. c4
c6 34. Nxb6+ Kb7 35. Nxa8 Kxa8 36. a4 Bxf4 37. Be1 h5 38. Bxa5 h4 39. Ke2 h3 40.
Kf1 Ka7 41. Kg1 h2+ 42. Kh1 Ka6 43. Bd8 d5 44. c5 d4 45. Be7 d3 46. Bd6 Bh6 47.
Kxh2 d2 48. Kh3 d1=Q 49. Kg2 Qxa4 50. Kf3 Ka5 51. Bc7+ Kb5 0-1

[Event "Challenge"]
[Site "http://www.queenalice.com/game.php?id=180289"]
[Date "2007.3.11"]
[Round "-"]
[White "jepstein"]
[Black "cassi12"]
[Result "1-0"]
[WhiteElo "1268"]
[BlackElo "1175"]

1. e4 e5 2. c3 d6 3. d4 exd4 4. cxd4 g6 5. d5 Bg7 6. h3 Be5 7. f4 Qh4+ 8. Ke2
Bg4+ 9. hxg4 Qxh1 10. Nh3 Nf6 11. fxe5 Qh2 12. exf6 Qe5 13. Bf4 Qxe4+ 14. Kf2
O-O 15. Nc3 Qe8 16. Bh6 Qe5 17. Bxf8 Qxf6+ 18. Qf3 Qd4+ 19. Qe3 Qf6+ 20. Qf4 Qd8
21. Bh6 Qh4+ 22. g3 Qxh3 23. Bxh3 Nd7 24. g5 Re8 25. Bxd7 Re7 26. Qf6 Rxd7 27.
Qg7# 1-0

[Event "Challenge"]
[Site "http://www.queenalice.com/game.php?id=180304"]
[Date "2007.3.11"]
[Round "-"]
[White "Lauermann"]
[Black "jepstein"]
[Result "0-1"]
[WhiteElo "1565"]
[BlackElo "1294"]

1. e3 e5 2. Qh5 Nc6 3. Bc4 d5 4. Bd3 g6 5. Qd1 e4 6. Be2 Nf6 7. b3 Ng4 8. Bb2 d4
9. Bxg4 Bxg4 10. Qxg4 f5 11. Qe2 Bg7 12. d3 Qd5 13. Nd2 O-O-O 14. Nh3 exd3 15.
cxd3 Qxg2 16. Qf1 Qxf1+ 17. Rxf1 Rhe8 18. O-O-O dxe3 19. Bxg7 e2 20. Bf6 exd1=Q+
21. Rxd1 Rxd3 22. Ng5 Nb4 23. Kb2 h6 24. Nh7 Re2 25. Bc3 a5 26. a3 Nd5 27. Rc1
Nxc3 28. Rxc3 Rexd2+ 29. Rc2 Rd1 30. a4 f4 31. Nf6 R1d2 32. Ne4 Rxc2+ 33. Kxc2
Rh3 34. Kd2 Rxh2 35. Ke2 g5 36. Kf3 Rh3+ 37. Kg2 Rxb3 38. Nc5 f3+ 39. Kf1 Rb1#
0-1

[Event "Challenge"]
[Site "http://www.queenalice.com/game.php?id=182351"]
[Date "2007.3.15"]
[Round "-"]
[White "holandes"]
[Black "jepstein"]
[Result "1-0"]
[WhiteElo "1440"]
[BlackElo "1345"]

1. e4 d5 2. e5 d4 3. Bb5+ c6 4. Ba4 b5 5. Bb3 Be6 6. Nf3 h6 7. Qe2 Bxb3 8. axb3
e6 9. O-O Qd5 10. d3 Nd7 11. c4 dxc3 12. bxc3 Nxe5 13. Nxe5 Bd6 14. c4 bxc4 15.
dxc4 Qxe5 16. Qxe5 Bxe5 17. Ra6 Ne7 18. Be3 Bb8 19. Rd1 O-O 20. Rd7 Nf5 21. Bxa7
Bxa7 22. Raxa7 Rxa7 23. Rxa7 Rd8 24. Nc3 Rd3 25. g4 Nh4 26. h3 Rxc3 27. Rb7 Rxh3
28. b4 Rc3 29. c5 Rc1+ 30. Kh2 Nf3+ 31. Kg3 Nd4 32. Kf4 e5+ 33. Kxe5 Rd1 34. f4
f6+ 35. Ke4 Nc2 36. Rb6 Rd4+ 37. Kf5 Ne3+ 38. Kg6 Nxg4 39. Rb8+ 1-0

[Event "Challenge"]
[Site "http://www.queenalice.com/game.php?id=203231"]
[Date "2007.4.27"]
[Round "-"]
[White "Macuei"]
[Black "jepstein"]
[Result "1-0"]
[WhiteElo "1658"]
[BlackElo "1367"]

1. e4 d5 2. exd5 Qxd5 3. Nc3 Qe5+ 4. Be2 Nf6 5. Nf3 Qe6 6. d3 h6 7. Nb5 Na6 8.
Bf4 Nd5 9. Qd2 g5 10. Be5 f6 11. Nbd4 Qb6 12. Bg3 e5 13. Nb3 Nf4 14. Bxf4 gxf4
15. d4 e4 16. Nh4 f5 17. Bh5+ Kd8 18. Qxf4 Bd6 19. Qe3 Nb4 20. Qc3 Nd5 21. Qc4
Be6 22. a3 Nf4 23. Qc3 Nxh5 24. d5 Re8 25. dxe6 Rxe6 26. Nxf5 Be5 27. Rd1+ Ke8
28. Qh3 Ng7 29. Nxg7+ Kf7 30. Nxe6 Qxe6 31. Qh5+ Kg7 32. Nc5 Qe8 33. Rd7+ Kh8
34. Qxh6+ Kg8 35. Qh7+ Kf8 36. Rd5 Rd8 37. Qf5+ Qf7 38. Qxf7+ Kxf7 39. Rxd8 Bxb2
40. a4 Bc3+ 41. Ke2 b6 42. Nxe4 1-0

[Event "Challenge"]
[Site "http://www.queenalice.com/game.php?id=203232"]
[Date "2007.4.27"]
[Round "-"]
[White "jepstein"]
[Black "Macuei"]
[Result "0-1"]
[WhiteElo "1373"]
[BlackElo "1669"]

1. e4 e5 2. Nf3 Nc6 3. Bc4 Bc5 4. O-O Nf6 5. Nc3 O-O 6. d3 d6 7. h3 a6 8. Be3
Nd4 9. Nd5 Nxf3+ 10. Qxf3 Nxd5 11. Bxd5 Bxe3 12. fxe3 Be6 13. Bxb7 Rb8 14. Bxa6
Rxb2 15. c4 c6 16. Rfb1 Rxb1+ 17. Rxb1 Qa5 18. Bb7 Rb8 19. Rb3 Qxa2 20. Qd1 Bc8
21. Bxc8 Rxb3 22. Qg4 Rxd3 23. Bb7 Qb1+ 24. Kh2 Qxb7 25. c5 dxc5 26. Qh4 f6 27.
Qh5 Qe7 28. Qe2 Qd6 29. Qa2+ Kf8 30. Qa6 Rxe3 31. Qc8+ Kf7 32. Qf5 g6 33. Qc8
Kg7 34. Qb7+ Kh6 35. Qb1 Qd3 36. Qxd3 Rxd3 37. g4 c4 0-1

[Event "Aloha jep"]
[Site "http://www.queenalice.com/game.php?id=205995"]
[Date "2007.5.4"]
[Round "-"]
[White "technicaldraw"]
[Black "jepstein"]
[Result "1/2-1/2"]
[WhiteElo "2035"]
[BlackElo "1373"]

1. e4 e5 2. Nf3 Nc6 3. Bb5 Nd4 4. Nxd4 exd4 5. O-O Ne7 6. d3 a6 7. Bc4 d5 8.
exd5 Nxd5 9. Qf3 Be6 10. Re1 c6 11. c3 b5 12. Bxd5 Qxd5 13. Qxd5 cxd5 14. cxd4
Bb4 15. Bd2 Bxd2 16. Nxd2 O-O 17. Nf3 1/2-1/2